Fiškálna obozretnosť v tieni volebného marketingu

Bibliographic Details
Main Author: Hölcz, Róbert (Author)
Format: Article
Language:Slovak
ISSN:1336-393X
Subjects:

MARC

LEADER 00000nab a2200000 a 4500
001 vtls010117150
003 SK-MaSNL
005 20260426091736.0
008 250708c2010 xo ||||||||||||00 b|slo
015 |a SNBRB2010/07  |2 snkbucl 
035 |a urn:nbn:sk:snk-ab8bfv 
035 |a (urnnbn)urn:nbn:sk:snk:ar-a07u0x 
035 |a (uuid)b943d53e-1b4b-4e9e-b270-da9f6c5d59c7 
038 |a SNKBUCL 
040 |a SNKBUCL  |b slo  |c SNKBUCL  |e AACR2 
041 0 |a slo 
044 |a xo  |c SK 
080 |a 338.1:336.1:336.27:339.738(4)  |x (437.6)  |2 2001 
080 |a 336.1  |x (437.6)  |2 2001 
080 |a 336.27  |x (437.6)  |2 2001 
080 |a 339.738  |x (4)  |2 2001 
100 1 |a Hölcz, Róbert  |4 aut  |9 711665 
245 1 0 |a Fiškálna obozretnosť v tieni volebného marketingu  |c Róbert Hölcz 
610 2 7 |a Európska únia  |2 SNKKA  |9 29861 
650 0 7 |a eurozóna  |2 snkbucl  |9 13394 
650 0 7 |a národná ekonomika  |2 snkbucl  |9 1058119 
650 0 7 |a verejné financie  |2 snkbucl  |9 2204 
650 0 7 |a verejné dlhy  |2 snkbucl  |9 71265 
650 0 7 |a povolebné očakávania  |2 snkbucl  |9 1483800 
651 7 |a Slovensko  |2 snkbucl  |9 14231 
773 0 |t Eurobiznis  |g Roč. 10., č. 6 (2010), s. 6-7  |x 1336-393X 
850 |a Slovenská národná knižnica 
852 |a Slovenská národná knižnica 
954 |a odborná, vedecká literatúra pôvodná (slovenská)  |2 lita 
958 |a article9 
958 |a OND 
958 |a SK 
958 |a EUIPO 
999 |c 3034883  |d 3036813